| 000 | 00441nam a2200169 i 4500 | ||
|---|---|---|---|
| 001 | 142599 | ||
| 003 | ES-MaACL | ||
| 005 | 20230906200552.0 | ||
| 007 | t| | ||
| 008 | 071009s1947 sp ||||1| spa d | ||
| 245 | 0 | 0 |
_aVía estrecha _b: (de mis memorias) / _cF. G. M. |
| 250 | _a1ª ed. | ||
| 260 |
_aMadrid : _bVida Privada, _c1947. |
||
| 300 |
_a170 p. ; _c16 cm. |
||
| 700 | 1 |
_aF. G. M. _948484 |
|
| 852 |
_aES-MaACL _jC-4945 _bR.25886 |
||
| 999 |
_c142599 _d142599 |
||